| 000 | 00390nam a2200169Ia 4500 | ||
|---|---|---|---|
| 999 |
_c10317 _d10317 |
||
| 003 | OSt | ||
| 005 | 20220311182034.0 | ||
| 008 | 220308s9999 xx 000 0 und d | ||
| 020 | _a9783869224152 | ||
| 082 |
_a725.827 _bMAR |
||
| 100 | _a Martin Wimmer | ||
| 245 | 0 | _aStadium Buildings | |
| 260 | _b DOM Publishers (3 May 2016) | ||
| 365 | _cEUR | ||
| 365 | _d88 | ||
| 942 | _2ddc | ||